[Event "SVK-chT2B 1516"]
[Site "Slovakia"]
[Date "2016.02.13"]
[Round "8.6"]
[White "Belan, Jozef"]
[Black "Bojda, Lubomir"]
[Result "1/2-1/2"]
[WhiteElo "2051"]
[BlackElo "2105"]
[PlyCount "50"]
[EventDate "2015.10.17"]
[EventType "team-tourn"]
[EventRounds "11"]
[EventCountry "SVK"]
[SourceTitle "EXT 2019"]
[Source "ChessBase"]
[SourceDate "2018.10.10"]
[SourceVersion "1"]
[SourceVersionDate "2018.10.10"]
[SourceQuality "1"]
[WhiteTeam "Topolciansky CVC II"]
[BlackTeam "Topolciansky CVC"]
[WhiteTeamCountry "SVK"]
[BlackTeamCountry "SVK"]

1. d4 Nf6 2. c4 g6 3. Nc3 Bg7 4. Nf3 0-0 5. g3 d6 6. Bg2 Nc6 7. 0-0 a6 8. Re1 Rb8 9. Rb1 Bd7 10. b4 e5 11. dxe5 Nxe5 12. Nxe5 dxe5 13. Bg5 h6 14. Be3 Bf5 15. Rc1 Qxd1 16. Rexd1 Rfe8 17. h3 c6 18. Rd2 Red8 19. Rcd1 Rxd2 20. Rxd2 Bf8 21. c5 Be6 22. a4 Kh7 23. b5 axb5 24. axb5 Rc8 25. bxc6 bxc6 1/2-1/2

[Event "SVK-chT2B 1516"]
[Site "Slovakia"]
[Date "2016.01.24"]
[Round "7.3"]
[White "Kvassay, Peter"]
[Black "Bojda, Lubomir"]
[Result "1-0"]
[WhiteElo "2014"]
[BlackElo "2118"]
[PlyCount "65"]
[EventDate "2015.10.17"]
[EventType "team-tourn"]
[EventRounds "11"]
[EventCountry "SVK"]
[SourceTitle "EXT 2019"]
[Source "ChessBase"]
[SourceDate "2018.10.10"]
[SourceVersion "1"]
[SourceVersionDate "2018.10.10"]
[SourceQuality "1"]
[WhiteTeam "Povazska Bystrica SKS II"]
[BlackTeam "Topolciansky CVC"]
[WhiteTeamCountry "SVK"]
[BlackTeamCountry "SVK"]

1. e4 e6 2. Nf3 d5 3. Nc3 Nf6 4. exd5 exd5 5. d4 Bb4 6. Qe2+ Be7 7. Bg5 0-0 8. 0-0-0 c6 9. Ne5 b5 10. f3 b4 11. Na4 Bd6 12. Kb1 Re8 13. Qd2 Be7 14. g4 Ne4 15. fxe4 Bxg5 16. Qf2 Be6 17. Nc5 Qc7 18. Bd3 Bf6 19. Rhf1 Bxe5 20. Nxe6 Rxe6 21. dxe5 Rxe5 22. exd5 cxd5 23. Rde1 Nc6 24. Qc5 Rae8 25. Rd1 d4 26. Qc4 a5 27. b3 Ra8 28. Kb2 Qd7 29. Rxf7 Qe6 30. Rdf1 Rd5 31. Bf5 Qd6 32. Rd7 Ne5 33. Qxd5+ 1-0

[Event "SVK-chT2B 1516"]
[Site "Slovakia"]
[Date "2015.12.05"]
[Round "5.4"]
[White "Bojda, Lubomir"]
[Black "Gazik, Renata"]
[Result "1/2-1/2"]
[WhiteElo "2123"]
[BlackElo "2052"]
[PlyCount "122"]
[EventDate "2015.10.17"]
[EventType "team-tourn"]
[EventRounds "11"]
[EventCountry "SVK"]
[SourceTitle "EXT 2019"]
[Source "ChessBase"]
[SourceDate "2018.10.10"]
[SourceVersion "1"]
[SourceVersionDate "2018.10.10"]
[SourceQuality "1"]
[WhiteTeam "Topolciansky CVC"]
[BlackTeam "Bojnice SK PRM"]
[WhiteTeamCountry "SVK"]
[BlackTeamCountry "SVK"]

1. e4 c6 2. d4 d5 3. Nc3 dxe4 4. Nxe4 Bf5 5. Ng3 Bg6 6. Nf3 Nd7 7. h4 h6 8. h5 Bh7 9. Bd3 Bxd3 10. Qxd3 e6 11. Bf4 Ngf6 12. 0-0-0 Nd5 13. Bd2 Qc7 14. Ne4 Be7 15. Kb1 0-0-0 16. c4 N5f6 17. Nc3 Ng4 18. Qe2 Ndf6 19. Ne5 Nxe5 20. dxe5 Nd7 21. f4 Nc5 22. Be3 Qa5 23. Qc2 Rxd1+ 24. Rxd1 Rd8 25. Bd4 Rd7 26. g4 Qd8 27. Bxc5 Rxd1+ 28. Qxd1 Qxd1+ 29. Nxd1 Bxc5 30. Kc2 f6 31. Kd3 fxe5 32. fxe5 Kd7 33. Nc3 Be7 34. Ne4 c5 35. Ke2 Kc6 36. g5 hxg5 37. Kf3 Bd8 38. b3 Bc7 39. Nxg5 Bxe5 40. Nxe6 Kd6 41. Ng5 Bb2 42. Ne4+ Kc6 43. Kg4 b6 44. Kf5 Kd7 45. a4 Bd4 46. Ng5 Bc3 47. Ne6 Bb2 48. a5 bxa5 49. Nxc5+ Ke7 50. Ne4 Bd4 51. Ng3 Kf7 52. Ne2 Bb2 53. Nf4 Ke7 54. Nd3 Bd4 55. Kg6 Bc3 56. Nc5 Bd4 57. Nd3 Bc3 58. Kf5 Kd6 59. Nf4 Bb2 60. Ke4 Bc3 61. Nd3 Ba1 1/2-1/2

[Event "SVK-chT1W 1415"]
[Site "Slovakia"]
[Date "2015.01.11"]
[Round "6.6"]
[White "Bojda, Lubomir"]
[Black "Bottyan, Peter"]
[Result "0-1"]
[WhiteElo "2167"]
[BlackElo "2239"]
[PlyCount "98"]
[EventDate "2014.10.18"]
[EventType "team-tourn"]
[EventRounds "11"]
[EventCountry "SVK"]
[SourceTitle "EXT 2016"]
[Source "ChessBase"]
[SourceDate "2015.10.08"]
[SourceVersion "1"]
[SourceVersionDate "2015.10.08"]
[SourceQuality "1"]
[WhiteTeam "Topolciansky CVC"]
[BlackTeam "Komarno KSC"]
[WhiteTeamCountry "SVK"]
[BlackTeamCountry "SVK"]

1. d4 Nf6 2. Nf3 e6 3. g3 b6 4. Bg2 Bb7 5. 0-0 Be7 6. c4 0-0 7. Nc3 d5 8. Ne5 Nbd7 9. Qa4 c6 10. Rd1 Nxe5 11. dxe5 Nd7 12. cxd5 exd5 13. e4 Nc5 14. Qd4 Ne6 15. Qa4 d4 16. b4 Qc7 17. Ne2 a5 18. Nxd4 Nxd4 19. Rxd4 Qxe5 20. Qd1 c5 21. Rd7 Qxa1 22. Rxb7 Bf6 23. e5 Rad8 24. Qc2 Bxe5 25. bxc5 bxc5 26. Be4 g6 27. Kg2 Qc3 28. Bh6 Qxc2 29. Bxc2 Bg7 30. Bg5 Rb8 31. Ra7 Rb2 32. Bb3 Bd4 33. Rxa5 Rxf2+ 34. Kh3 Rc8 35. Bh6 Rf5 36. g4 Rf3+ 37. Kg2 Rf2+ 38. Kg3 Rf6 39. Bc4 Rb8 40. Ra7 Be5+ 41. Kh3 Rf2 42. g5 Rxh2+ 43. Kg4 Rb4 44. Kf3 Rh3+ 45. Kg2 Rg3+ 46. Kf2 Rb2+ 47. Kf1 Rf3+ 48. Kg1 Bd4+ 49. Kh1 Rh3# 0-1

[Event "SVK-chT1W 1415"]
[Site "Slovakia"]
[Date "2014.11.30"]
[Round "4.5"]
[White "Jozefek, Michal"]
[Black "Bojda, Lubomir"]
[Result "1-0"]
[WhiteElo "2064"]
[BlackElo "2167"]
[PlyCount "91"]
[EventDate "2014.10.18"]
[EventType "team-tourn"]
[EventRounds "11"]
[EventCountry "SVK"]
[SourceTitle "EXT 2016"]
[Source "ChessBase"]
[SourceDate "2015.10.08"]
[SourceVersion "1"]
[SourceVersionDate "2015.10.08"]
[SourceQuality "1"]
[WhiteTeam "Osuske"]
[BlackTeam "Topolciansky CVC"]
[WhiteTeamCountry "SVK"]
[BlackTeamCountry "SVK"]

1. d4 Nf6 2. c4 e6 3. Nc3 Bb4 4. Qc2 c5 5. dxc5 Bxc5 6. Nf3 Nc6 7. e3 0-0 8. a3 d5 9. b4 Bd6 10. Bb2 a6 11. Rd1 dxc4 12. Bxc4 Qe7 13. 0-0 b6 14. Ne4 Nxe4 15. Qxe4 Bb7 16. Qg4 e5 17. Ng5 Nd8 18. Ne4 h5 19. Qf5 Bxe4 20. Qxe4 Ne6 21. Qc6 Rfd8 22. Bxe6 Qxe6 23. Qxb6 e4 24. g3 h4 25. Rd2 h3 26. Rfd1 Qg4 27. f4 Rac8 28. Qxa6 Rc2 29. Qf1 Rdc8 30. Bd4 g5 31. Be5 Be7 32. Bd4 Bd6 33. Bc5 Bxc5 34. bxc5 R8xc5 35. fxg5 Rxd2 36. Rxd2 Rf5 37. Rd8+ Kh7 38. Qa1 f6 39. Qd4 Rxg5 40. Qxf6 Rg7 41. Qf4 Qxf4 42. exf4 Ra7 43. Re8 Rxa3 44. Rxe4 Ra2 45. f5 Rg2+ 46. Kh1 1-0

[Event "SVK-chT2B 1415"]
[Site "Slovakia"]
[Date "2014.11.08"]
[Round "3.6"]
[White "Mojzis, Marcel"]
[Black "Bojda, Lubomir"]
[Result "1-0"]
[WhiteElo "2183"]
[BlackElo "2167"]
[PlyCount "85"]
[EventDate "2014.10.11"]
[EventType "team-tourn"]
[EventRounds "11"]
[EventCountry "SVK"]
[SourceTitle "EXT 2019"]
[Source "ChessBase"]
[SourceDate "2018.10.10"]
[SourceVersion "1"]
[SourceVersionDate "2018.10.10"]
[SourceQuality "1"]
[WhiteTeam "Tlmace SK"]
[BlackTeam "Surany Lokomotiva"]
[WhiteTeamCountry "SVK"]
[BlackTeamCountry "SVK"]

1. d4 Nf6 2. Bg5 c5 3. Bxf6 gxf6 4. d5 d6 5. c3 Bg7 6. e3 e5 7. dxe6 fxe6 8. Qh5+ Ke7 9. Nd2 Qe8 10. Qf3 Qg6 11. e4 Nc6 12. 0-0-0 Bh6 13. Qe2 Rb8 14. g3 e5 15. Bh3 Bxh3 16. Nxh3 Rhd8 17. f4 b5 18. f5 Qf7 19. Kb1 Rb6 20. Nf3 Ra6 21. Rd5 Rb8 22. Rhd1 Na5 23. g4 Nc4 24. g5 Qh5 25. gxh6 Qxh3 26. Rg1 Qxh6 27. b3 Na3+ 28. Kb2 Rf8 29. Rdd1 Qh5 30. Rg3 Ra5 31. Rdg1 d5 32. Rg7+ Rf7 33. R7g4 d4 34. Rh4 dxc3+ 35. Kc1 Qxh4 36. Nxh4 b4 37. Rg8 Nb5 38. Nf3 Nd6 39. Kb1 c4 40. bxc4 Rc5 41. Qd3 a5 42. Rd8 c2+ 43. Kc1 1-0

[Event "SVK-chT1W 1415"]
[Site "Slovakia"]
[Date "2014.10.18"]
[Round "1.6"]
[White "Bojda, Lubomir"]
[Black "Schwarz, Dusan"]
[Result "1/2-1/2"]
[WhiteElo "2167"]
[BlackElo "2339"]
[PlyCount "83"]
[EventDate "2014.10.18"]
[EventType "team-tourn"]
[EventRounds "11"]
[EventCountry "SVK"]
[SourceTitle "EXT 2016"]
[Source "ChessBase"]
[SourceDate "2015.10.08"]
[SourceVersion "1"]
[SourceVersionDate "2015.10.08"]
[SourceQuality "1"]
[WhiteTeam "Topolciansky CVC"]
[BlackTeam "Modra"]
[WhiteTeamCountry "SVK"]
[BlackTeamCountry "SVK"]

1. e4 c5 2. Nf3 Nc6 3. b3 d6 4. Bb5 Bd7 5. 0-0 Nf6 6. Re1 e5 7. c3 a6 8. Bd3 Be7 9. Bc2 0-0 10. a3 Qc7 11. Bb2 Rac8 12. d3 Rfe8 13. Nbd2 Bf8 14. Rc1 g6 15. h3 Bh6 16. b4 b5 17. Bb3 Qb6 18. Rb1 Nh5 19. Nf1 Nf4 20. Ne3 Nd8 21. bxc5 dxc5 22. c4 Nc6 23. cxb5 axb5 24. Nd5 Qd8 25. Bc1 c4 26. dxc4 bxc4 27. Ba4 Rb8 28. Rxb8 Nxb8 29. Bxf4 Bxf4 30. Bxd7 Nxd7 31. Qa4 Kg7 32. Qxc4 Nb6 33. Qc6 Nxd5 34. exd5 e4 35. Qc3+ Kg8 36. Qd4 exf3 37. Rxe8+ Qxe8 38. Qxf4 Qe1+ 39. Kh2 Qxf2 40. Qxf3 Qd4 41. Qb3 Qe5+ 42. Kg1 1/2-1/2

[Event "Tatry op"]
[Site "Tatranske Zruby"]
[Date "2014.09.30"]
[Round "4"]
[White "Bojda, Lubomir"]
[Black "Cech, Pavel"]
[Result "0-1"]
[WhiteElo "2167"]
[BlackElo "2424"]
[PlyCount "110"]
[EventDate "2014.09.28"]
[EventType "swiss"]
[EventRounds "9"]
[EventCountry "SVK"]
[SourceTitle "CBM 162 Extra"]
[Source "ChessBase"]
[SourceDate "2014.10.17"]
[SourceVersion "1"]
[SourceVersionDate "2014.10.17"]
[SourceQuality "1"]

1. c4 c6 2. d4 d5 3. Nf3 Nf6 4. e3 Bf5 5. Nc3 e6 6. Be2 Nbd7 7. Nh4 Be4 8. f3 Bg6 9. Nxg6 hxg6 10. Qb3 Qc7 11. f4 Nb6 12. Bd2 Nxc4 13. Bxc4 dxc4 14. Qxc4 Nd5 15. Rc1 Nxc3 16. Qxc3 g5 17. Qa5 Qxa5 18. Bxa5 gxf4 19. exf4 Rh5 20. Bc3 Be7 21. 0-0 Rd8 22. Rce1 Rhd5 23. g4 Bf6 24. g5 Bxd4+ 25. Bxd4 Rxd4 26. g6 fxg6 27. Rxe6+ Kf7 28. Re2 Rd2 29. Rff2 Rxe2 30. Rxe2 Rd4 31. Rf2 Ke6 32. Kg2 Kf5 33. Kg3 Rd3+ 34. Kh4 c5 35. b3 b6 36. h3 Re3 37. Rg2 Rf3 38. Rg5+ Kf6 39. Rg2 Rxf4+ 40. Kg3 g5 41. Re2 Rd4 42. Rf2+ Kg6 43. Re2 Kh5 44. Re3 Rd2 45. a4 Rb2 46. Rc3 Ra2 47. Re3 Rc2 48. Rf3 a6 49. Re3 b5 50. axb5 axb5 51. Re5 Rc3+ 52. Kg2 b4 53. Rd5 Kh4 54. Rd7 Rg3+ 55. Kf2 Rxh3 0-1

[Event "Tatry op"]
[Site "Tatranske Zruby"]
[Date "2014.09.30"]
[Round "3"]
[White "Murin, Pavol"]
[Black "Bojda, Lubomir"]
[Result "0-1"]
[WhiteElo "2051"]
[BlackElo "2167"]
[PlyCount "60"]
[EventDate "2014.09.28"]
[EventType "swiss"]
[EventRounds "9"]
[EventCountry "SVK"]
[SourceTitle "CBM 162 Extra"]
[Source "ChessBase"]
[SourceDate "2014.10.17"]
[SourceVersion "1"]
[SourceVersionDate "2014.10.17"]
[SourceQuality "1"]

1. d4 Nf6 2. c4 e6 3. g3 c5 4. d5 d6 5. Bg2 e5 6. Nc3 Be7 7. e4 0-0 8. Nge2 Bd7 9. 0-0 b5 10. cxb5 a6 11. bxa6 Qb6 12. h3 Nxa6 13. b3 Rfb8 14. Be3 Ne8 15. f4 exf4 16. gxf4 Bf6 17. Rc1 Nb4 18. a4 Na6 19. Qe1 Ra7 20. Qg3 g6 21. e5 Bg7 22. Ne4 Bf5 23. exd6 Bxe4 24. Bxe4 Nxd6 25. Bd3 Re7 26. f5 Rbe8 27. fxg6 hxg6 28. Rf3 Rxe3 29. Rxe3 c4 30. Bxc4 Rxe3 0-1